Противоречивость духовных устремлений личности и ее отражение в проблематике и эстетике литературы новейшего времени; Вестник науки Сибири; № 1 (1)

Detalles Bibliográficos
Parent link:Вестник науки Сибири: электронный научный журнал/ Томский политехнический университет (ТПУ).— , 2011-.— 2226-0064
№ 1 (1).— 2011.— [С. 561-570]
Autor principal: Песоцкая С. А. Светлана Александровна
Sumario:Заглавие с титульного листа
Представлен обзор отдельных тенденций развития литературного процесса новейшего времени, отражающих противоречивость духовных устремлений личности: рационализм - иррационализм, вера - безверие, титанизм духовных устремлений личности - изображение ограниченности и бессилия человеческого разума, констатация бессилия слова - и осмысление его мистической силы, коммуникативная "заряженность" текста, экзистенциальная окрашенность литературы последней трети ХХ - начала ХХI в.
Lenguaje:ruso
Publicado: 2011
Colección:Филология. Педагогика
Materias:
Acceso en línea:http://earchive.tpu.ru/handle/11683/14995
Formato: Electrónico Capítulo de libro
KOHA link:https://koha.lib.tpu.ru/cgi-bin/koha/opac-detail.pl?biblionumber=478093

MARC

LEADER 00000naa2a2200000 4500
001 478093
005 20231101093041.0
035 |a (RuTPU)RU\TPU\prd\144901 
035 |a RU\TPU\prd\144868 
090 |a 478093 
100 |a 20120626d2011 k y0rusy50 ca 
101 0 |a rus 
102 |a RU 
135 |a drnn ---uucaa 
181 0 |a i  
182 0 |a b 
200 1 |a Противоречивость духовных устремлений личности и ее отражение в проблематике и эстетике литературы новейшего времени  |f С. А. Песоцкая 
203 |a Текст  |c электронный 
215 |a 1 файл (649 Кб) 
225 1 |a Филология. Педагогика 
230 |a Электронные текстовые данные (1 файл : 649 Кб) 
300 |a Заглавие с титульного листа 
320 |a [Библиогр.: с. 570 (12 назв.)] 
330 |a Представлен обзор отдельных тенденций развития литературного процесса новейшего времени, отражающих противоречивость духовных устремлений личности: рационализм - иррационализм, вера - безверие, титанизм духовных устремлений личности - изображение ограниченности и бессилия человеческого разума, констатация бессилия слова - и осмысление его мистической силы, коммуникативная "заряженность" текста, экзистенциальная окрашенность литературы последней трети ХХ - начала ХХI в. 
337 |a Adobe Reader 
461 1 |0 (RuTPU)RU\TPU\prd\143680  |x 2226-0064  |t Вестник науки Сибири  |o электронный научный журнал  |f Томский политехнический университет (ТПУ)  |d 2011- 
463 1 |0 (RuTPU)RU\TPU\prd\143681  |t № 1 (1)  |v [С. 561-570]  |d 2011 
610 1 |a художественная литература 
610 1 |a проблематика 
610 1 |a эстетика 
610 1 |a литературный процесс 
610 1 |a развитие 
610 1 |a тенденции 
610 1 |a духовные устремления 
610 1 |a противоречивость 
610 1 |a труды учёных ТПУ 
610 1 |a электронный ресурс 
675 |a 82-95  |v 3 
700 1 |a Песоцкая  |b С. А.  |c лингвист  |c доцент Томского политехнического университета, кандидат филологических наук  |g Светлана Александровна  |2 stltpush  |3 (RuTPU)RU\TPU\pers\24559 
801 1 |a RU  |b 63413507  |c 20090623  |g PSBO 
801 2 |a RU  |b 63413507  |c 20180116  |g PSBO 
856 4 |u http://earchive.tpu.ru/handle/11683/14995 
942 |c BK